000 00540nam a2200169 4500
999 _c4649
_d4649
008 160919b xxu||||| |||| 00| 0 eng d
022 _a2094-8042
082 _aDPer 370.105 M72 Jan-Dec 2012 v. 60-61
100 _914848
_aPaloma, Epifania N.
243 _aThe modern teacher
245 _aThe healing power of pets/
_cEpifania N. Paloma.
260 _aPhilippines:
_bIn the Grade School, Inc.,
_c©2012.
300 _av61 n5, page 186;
_c28 cm.
500 _aThe Modern Teacher.
650 0 _914849
_aDog
_xAnimals
942 _2ddc
_cPER